Statystyki dla Zwierzęta na literę L

Kliknij tutaj aby rozwiązać quiz!

Ogólne statystyki

  • Ten quiz został rozwiązany 323 razy
  • Średni wynik to 7 z 12

Statystyki odpowiedzi

Zwierzę% Poprawnych
lew
84%
lis
82%
lin
77%
lama
71%
lampart
70%
lemur
66%
leszcz
51%
leniwiec
47%
legwan
42%
leopard
39%
langusta
37%
leming
20%

Rozkład punktacji

Percentyl według liczby udzielonych odpowiedzi

Procent ludzi z każdym wynikiem

Twoja historia wyników

Nie rozwiązałeś tego quizu